| 000 | 00364nam a22001217a 4500 | ||
|---|---|---|---|
| 020 | _a0-07-548846-9 | ||
| 082 | _a658.404 | ||
| 100 |
_aMACKIE, DAN _957177 |
||
| 245 | _aENGINEERING MANAGEMENT OF CAPITAL PROJECTS ,A PRACTICAL GUIDE | ||
| 260 |
_aNEWYORK _bMCGRAW HILL _c 1984 |
||
| 650 |
_aENGINEERING MANAGEMENT INDUSTRIAL PROJECT MANAGEMENT _957178 |
||
| 942 | _cBK | ||
| 999 |
_c567472 _d567472 |
||